Statistics for Election of 1788 Trivia

Click here to take the quiz!

General Stats

  • This quiz has been taken 17 times
  • The average score is 27 of 28

Answer Stats

HintAnswer% Correct
States That Were Part of Georgia During the ElectionAlabama
100%
War That Had Just EndedAmerican Revolutionary War
100%
Connecticut
100%
The Above's PartyFederalist
100%
Victor and Only Candidate to Win StatesGeorge Washington
100%
Georgia
100%
Candidate in Second PlaceJohn Adams
100%
State That Was Part of Massachusetts During The ElectionMaine
100%
Maryland
100%
...and Home StateMassachusetts
100%
Massachusetts
100%
Mississippi
100%
States in Which this was Their First ElectionNew Hampshire
100%
New Jersey
100%
North Carolina
100%
Pennsylvania
100%
States That Couldn't VoteRhode Island
100%
South Carolina
100%
Virginia
100%
...and Home StateVirginia
100%
States That Were Part of Virginia During the ElectionWest Virginia
100%
States in Which this was Their First ElectionDelaware
93%
Kentucky
93%
New York
93%
Country Where Some Citizens Voted Due too Being Claimed by New York and New HampshireVermont
93%
The Above's Party...Independent
80%
This is the Only US Election to Take More Than One ____Year
80%
The Only Major Anti-Federalist CandidateGeorge Clinton
67%

Score Distribution

Percentile by Number Answered

Percent of People with Each Score

Your Score History

You have not taken this quiz